00691nam a2200241 a 4500001001300000003000900013005001700022008004100039020002300080082001600103100001600119245002600135260002400161300000900185500003500194505001700229650004000246700001600286902000800302942000700310952011700317999001500434nice12345678IN_TiNIC20260116012807.0050524s1983 gena grp 000 0 eng  a282540X c10000a261.52bLOW aLowe, Kathy aOpening Eyes and Ears aGeneva bWCC c1983 a118p aincludes index and biblioraphy2 aAbbriviation aCommunication-Religious Aspects-Chr1 aLowe, Kathy bSRS cBK 001040708StackRoom-aHMIbHMId2007-07-10g100.00l0o261.52 LOWp011659r2007-07-10v100.00w2005-05-24yBK c8393d8393